000 00880cam a2200265 i 4500
001 17457700
005 20180131074630.0
008 120910t20132013njua b 001 0 eng
010 _a 2012028593
020 _a9781118357040 (hardback : acidfree paper)
020 _a1118357043 (hardback : acidfree paper)
040 _aDLC
_beng
_cDLC
_erda
041 _aeng
042 _apcc
080 _a658.4038011 efr
082 0 0 _a658.4038011 efr
_223
084 _aCOM032000
_2bisacsh
100 1 _a54
101 _aman
245 1 0 _aInformation technology for management :
504 _aIncludes bibliographical references and indexes.
906 _a7
_bcbc
_corignew
_d1
_eecip
_f20
_gy-gencatlg
942 _2ddc
_cBK
999 _c41388
_d41388